00428nam a22001577a 4500008004100000020001500041050002700056100002700083245004800110250001100158300001000169650002300179700002800202700002000230700002000250220923b |||||||| |||| 00| 0 eng d a0310516460 aBT836.3b.F68 2016 C.1 adenny Burl...{el al.} aFour views on hell/cdenny Burl...{el al.} a2n ed. a220p. aHellvChristianity aStackhouse Jr., John G. aParry, Robin A. aWalls, Jerry L.